000 01655cas a2200445 a 4500
001 11252695
005 20080626050432.0
008 820212c19799999ii fr p 0 a0eng d
010 _a 81910435
016 _a101086635
_2DNLM
022 _a0970-9851
025 _aI-E-E-4384
035 _a(OCoLC)ocm08151597
040 _aICRL
_cICRL
_dDLC
_dNST
_dDLC
_dNST
_dDLC
_dNST
_dMH
_dMH
_dDNLM
_dOCoLC
_dWaU
042 _alc
050 _aG1
_b.T717
082 _a910.5
210 _aTrans. Inst. Indian Geogr.
222 _aTransactions of the Institute of Indian Geographers
245 _aTransactions of the Institute of Indian Geographers.
246 _aJournal of the Institute of Indian geographers
_f<2006->
260 _aPune :
_bDept. of Geography, University of Poona,
_c1979-
300 _av. :
_bill. ;
_c24 cm.
310 _aSemiannual
362 _aVol. 1, no. 1 (July l979)-
500 _aTitle from cover.
500 _aLatest issue consulted: Vol. 28, no. 2 (summer 2006).
590 _aSERBIB/SERLOC merged record
650 _aGeography
_vPeriodicals.
710 _aInstitute of Indian Geographers.
710 _aUniversity of Poona.
_bDept. of Geography.
270 _bPune
_e411007
906 _a7
_bcbc
_cserials
_d3
_encip
_f19
_gn-oclcserc
942 _2ddc
_cSR
_h910.5
_mTRA
_s1
999 _c26148
_d26148